00431nam a2200109Ia 4500008004100000100002200041245012300063260002600186300001800212650001200230856007900242160712s9999 xx 000 0 und d aCasas, Edgardo V. cEdgardo V. Casas,aOptimizing Microwave-assisted Crude Butter Extraction from Carabao Mango (Mangifera indica) Kernels c2015bScience Diliman avol. 27 no. 2 xSCIENCE uhttp://journals.upd.edu.ph/index.php/sciencediliman/issue/view/511/showToc